000 00698nam a22002297a 4500
005 20250821105512.0
008 250821b |||||||| |||| 00| 0 eng d
020 _a978-93-6156-773-5 (pbk)
037 _cTB
040 _aCRL
_cCRL
041 _2eng
_aeng
084 _aYZxM R4
_qCRL
100 _aJohar, K. L.
245 _aIndia's greatest reformers:
_b51 extraordinary stories
260 _aNew Delhi, India:
_bRupa Publications,
_c2024.
300 _axix, 236p.
365 _b395.00
_cINR
650 _aSociology
650 _aSocial Work
942 _2CC
_cTB
_hYZxM R4
_n0
999 _c1434821
_d1434821